La idea de la justicia / (Registro nro. 4950)
[ vista simple ]
| 000 -LEADER | |
|---|---|
| fixed length control field | 01134nam a2200277Ia 4500 |
| 003 - CONTROL NUMBER IDENTIFIER | |
| control field | OSt |
| 005 - DATE AND TIME OF LATEST TRANSACTION | |
| control field | 20200406112021.0 |
| 008 - FIXED-LENGTH DATA ELEMENTS--GENERAL INFORMATION | |
| fixed length control field | 191128s2009 ck gr 001 0dspa d |
| 020 ## - INTERNATIONAL STANDARD BOOK NUMBER | |
| International Standard Book Number | 9789587049718 |
| 040 ## - CATALOGING SOURCE | |
| Original cataloging agency | CO-JMCR |
| Transcribing agency | CO-JMCR |
| 041 0# - LANGUAGE CODE | |
| Language code of text/sound track or separate title | spa |
| 082 04 - DEWEY DECIMAL CLASSIFICATION NUMBER | |
| Classification number | 172.2 / |
| Item number | S25i |
| 100 1# - MAIN ENTRY--PERSONAL NAME | |
| Personal name | Sen, Amartya, |
| Relator term | autor |
| 9 (RLIN) | 2522 |
| 245 13 - TITLE STATEMENT | |
| Title | La idea de la justicia / |
| Statement of responsibility, etc. | Amartya Sen ; Hernando Valencia Villa, |
| 250 ## - EDITION STATEMENT | |
| Edition statement | Priemra edicón |
| 260 ## - PUBLICATION, DISTRIBUTION, ETC. | |
| Place of publication, distribution, etc. | México : |
| Name of publisher, distributor, etc. | Aguilar, |
| Date of publication, distribution, etc. | 2009 |
| 300 ## - PHYSICAL DESCRIPTION | |
| Extent | 499 páginas ; |
| Dimensions | 24 cm. |
| 500 ## - GENERAL NOTE | |
| General note | Incluye biografía del autor en solapa frontal. |
| 505 ## - FORMATTED CONTENTS NOTE | |
| Formatted contents note | La sexigencias de la justicia -- Formas de razonamiento -- Los materiales de la justicia -- Razón pública y democracia |
| 520 ## - SUMMARY, ETC. | |
| Summary, etc. | ¿Es la justicia social una idea fuera de nuestro alcance o una posibilidad reas? -- Más allá del discurso intelectual, la idea de la justicia desempeña un importante papel en nuestras vidas. |
| 534 ## - ORIGINAL VERSION NOTE | |
| Introductory phrase | The ideal of justice. |
| 650 14 - SUBJECT ADDED ENTRY--TOPICAL TERM | |
| Topical term or geographic name entry element | Justicia |
| General subdivision | Contrato social |
| 9 (RLIN) | 2523 |
| 650 24 - SUBJECT ADDED ENTRY--TOPICAL TERM | |
| Topical term or geographic name entry element | Ética |
| General subdivision | Justicia social |
| 9 (RLIN) | 2524 |
| 700 1# - ADDED ENTRY--PERSONAL NAME | |
| Personal name | Valencia Villa, Hernando, |
| Relator term | traductor |
| 9 (RLIN) | 2525 |
| 942 ## - ADDED ENTRY ELEMENTS (KOHA) | |
| Source of classification or shelving scheme | Dewey Decimal Classification |
| Koha item type | Books |
| Withdrawn status | Lost status | Source of classification or shelving scheme | Materials specified (bound volume or other part) | Damaged status | Not for loan | Home library | Current library | Shelving location | Date acquired | Source of acquisition | Cost, normal purchase price | Total Checkouts | Full call number | Barcode | Date last seen | Date last checked out | Copy number | Price effective from | Koha item type |
|---|---|---|---|---|---|---|---|---|---|---|---|---|---|---|---|---|---|---|---|
| Dewey Decimal Classification | Donación--15/04/2018-- | Biblioteca Pública José María del Castillo y Rada | Biblioteca Pública José María del Castillo y Rada | General Stacks | 11/28/2019 | Donación | 0.00 | 1 | 172.2 / S25i | 430001054 | 07/09/2024 | 07/08/2024 | Ej.2 | 11/28/2019 | Books |